Pays avec 1% ou plus de la population mondiale - Statistiques

Statistiques générales
  • Ce quiz a été pris 561 fois
  • Le résultat moyen est 15 sur 19
Statistiques - réponses
Pour cent Pays % Correct
18.54% Chine
100%
17.74% Inde
100%
4.28% les états-unis d'Amérique
98%
1.89% Russie
96%
2.76% Brésil
95%
1.67% Japon
89%
1.71% Mexique
89%
3.50% Indonésie
84%
1.08% Allemagne
81%
2.63% Pakistan
81%
2.57% Nigeria
80%
1.10% République Démocratique du Congo
76%
1.30% Egypte
73%
2.57% Bangladesh
71%
1.07% Turquie
66%
1.07% l'Iran
64%
1.40% Philippines
64%
1.41% Ethiopie
61%
1.26% Viêt Nam
61%
Aucun quiz correspondant
Distribution des résultats
% des personnes avec chaque résultat
Percentile par nombre de réponses
Votre historique - résultats
Vous n’avez pas pris ce quiz